000 00566nam a22001457a 4500
008 151214b xxu||||| |||| 00| 0 eng d
020 _a651881100220
082 _223
_a541.361
_bRAS-C 2007
245 _aCombustion analysis and fuel efficiency
_cErik Rasmussen
_hEnglish
260 _aChicago
_bEsco press
_c2007
300 _aii, p. 131
_bill, 26 cm.
_c26 cm.
440 _aGoing green book series
_nGreen mechanical council
_pCAS-ECOSA carbon monoxide safety assocition
650 _2OCLC
_aFurnaces -- Combustion. Furnaces -- Energy consumption.
942 _2ddc
_cBK
999 _c355752
_d355752